Il Suo Nome Era Aprile

में बचाया:
ग्रंथसूची विवरण
मुख्य लेखक: Elisa Barbaro
स्वरूप: पुस्तक
भाषा:अज्ञात या अवैध भाषा
प्रकाशित: Yuocanprint
टैग: टैग जोड़ें
कोई टैग नहीं, इस रिकॉर्ड को टैग करने वाले पहले व्यक्ति बनें!

MARC

LEADER 00000nam a2200000Ia 4500
001 R-1571
003 CODICE-MESSINA
005 20260212102509.0
008 260211s9999 xx 000 0 und d
040 |c importazione_messina 
100 |a Elisa Barbaro 
245 0 |a Il Suo Nome Era Aprile 
260 |b Yuocanprint 
942 |2 ddc  |c BK 
952 |0 0  |1 0  |2 ddc  |4 0  |6 SCAFFALE_15_000000000000000__LGBT_S_R  |7 0  |9 32409  |a ME  |b ME  |d 2026-02-11  |l 0  |o SCAFFALE 15 - LGBT S.R.  |p R-1571  |r 2026-02-11 23:53:10  |w 2026-02-11  |x [REVISIONARE]  |y BK 
999 |c 28076  |d 28076